| 000 | 01746nam a2200481 i 4500 | ||
|---|---|---|---|
| 001 | 768714001 | ||
| 003 | CO-MdFUSB | ||
| 005 | 20250227171546.0 | ||
| 007 | ta | ||
| 007 | cr aa aaaaa | ||
| 008 | 200121t2006 nyu |||| |||| 00| 0 spa d | ||
| 020 |
_a9780061140051 _qLibro físico |
||
| 020 |
_a9788432147876 _qLibro electrónico |
||
| 040 |
_aCO-MdFUSB _bspa _cCO-MdFUSB _dCO-MdFUSBC _erda |
||
| 041 |
_aspa _heng |
||
| 082 |
_223 _a241.4 _bL673 |
||
| 100 |
_aLewis, C.S. _eautor |
||
| 245 | 4 |
_aLos cuatro amores _c/ C.S. Lewis ; traducido por Pedro Antonio Urbina. _h[Físico y electrónico] |
|
| 250 | _aPrimera edición | ||
| 264 | 1 |
_aNew York : _bHarperCollins Publishers, _c[2006] |
|
| 264 | 1 |
_aEspaña : _bEdiciones Rialp, _c[2018] |
|
| 264 | 4 | _c© 2006 | |
| 264 | 4 | _c© 2018 | |
| 300 |
_a155 páginas _c; 21 cm |
||
| 336 |
_2rdacontent _atexto _btxt |
||
| 337 |
_2rdamedia _asin mediación _bn |
||
| 337 |
_2rdamedia _ainformático _bc |
||
| 338 |
_2rdacarrier _avolumen _bnc |
||
| 338 |
_2rdacarrier _aremoto _bcr |
||
| 505 | _aGustos y amores por lo sub-humano. -- El afecto. -- La amistad. -- Eros. -- Caridad. | ||
| 506 | _aPréstamos en biblioteca del libro físico | ||
| 506 | _aSolicitar clave y usuario para acceder al libro electrónico | ||
| 563 | _aRústico. | ||
| 650 | 7 |
_9106 _aAmistad |
|
| 650 | 0 |
_91074 _aComunicación interpersonal |
|
| 650 | 7 |
_9366 _aAmor |
|
| 650 | 0 |
_919 _aVida cristiana |
|
| 700 |
_92743 _aUrbina, Pedro Antonio. _etraductor |
||
| 856 |
_uhttp://search.ebscohost.com/login.aspx?direct=true&scope=site&db=nlebk&db=nlabk&AN=2222133 _b2222133 _zAbrir Versión electrónica del libro Los cuatro amores |
||
| 942 | _cBK | ||
| 945 | _aJTF-925 | ||
| 999 |
_c65323 _d65323 |
||